[Event "Challenge"]
[Site "http://www.queenalice.com/game.php?id=1853378"]
[Date "2025.3.6"]
[Round "-"]
[White "maurice916"]
[Black "Rafale2000"]
[Result "0-1"]
[WhiteElo "1987"]
[BlackElo "1985"]

1. Nf3 d5 2. b3 c5 3. Bb2 Nc6 4. e3 Bg4 5. Be2 e6 6. O-O Nf6 7. d4 cxd4 8. exd4
Bd6 9. Nbd2 O-O 10. Bd3 Qc7 11. Re1 Rfe8 12. a3 Bxh2+ 13. Kh1 Bd6 14. Qe2 Nh5
15. Bxh7+ Kxh7 16. Ng5+ Kg6 17. Qxg4 Nf6 18. Nxe6+ Nxg4 19. Nxc7 Rh8+ 20. Kg1
Bh2+ 21. Kf1 Bxc7 22. Nf3 Rh1+ 23. Ng1 Bh2 24. Ke2 Re8+ 25. Kf3 Rxe1 26. Rxe1
Nf6 27. g3 Rxg1 28. Rxg1 Bxg1 29. Kg2 Bxf2 30. Kxf2 Kf5 31. c3 Ke4 32. Ke2 Nh5
33. Kf2 Kd3 34. c4 dxc4 35. bxc4 Nxd4 36. c5 Nf6 37. Bc1 Ne4+ 38. Kg2 Nxc5 0-1

[Event "AUTO-OPEN-4581"]
[Site "http://www.queenalice.com/game.php?id=1853774"]
[Date "2025.3.12"]
[Round "1"]
[White "Rafale2000"]
[Black "Pin"]
[Result "0-1"]
[WhiteElo "1973"]
[BlackElo "2067"]

1. e4 c5 2. c3 e5 3. Nf3 d6 4. Bb5+ Bd7 5. Qb3 Nc6 6. d4 Nf6 7. Ng5 Qe7 8. d5
Na5 9. Qa4 b6 10. Bc6 Bxc6 11. dxc6 Qc7 12. Na3 Qxc6 13. Nb5 Ke7 14. b4 h6 15.
Nh3 Qxe4+ 16. Be3 cxb4 17. Qxb4 Qxb4 18. cxb4 Nc4 19. Bc1 a6 20. Nc3 Ke6 21. O-O
Be7 22. f4 b5 23. fxe5 dxe5 24. Nf2 Bxb4 25. Nce4 Nxe4 26. Nxe4 f5 27. Ng3 g6
28. a3 Bc5+ 29. Kh1 Rad8 30. Re1 Rd5 31. Ne2 Kf6 32. Nc3 Rd7 33. a4 b4 34. Nd1
a5 35. Nb2 Nxb2 36. Bxb2 Bd4 37. Re2 Rhd8 38. g3 Bxb2 39. Rb1 Bc3 0-1

[Event "AUTO-OPEN-4581"]
[Site "http://www.queenalice.com/game.php?id=1853775"]
[Date "2025.3.12"]
[Round "1"]
[White "Pin"]
[Black "Rafale2000"]
[Result "1-0"]
[WhiteElo "2098"]
[BlackElo "2018"]

1. d4 Nf6 2. Nf3 c5 3. e3 e6 4. c3 cxd4 5. exd4 d5 6. Bd3 Bd6 7. O-O Nc6 8. Bg5
h6 9. Bc1 O-O 10. Re1 Re8 11. h3 e5 12. dxe5 Nxe5 13. Nxe5 Rxe5 14. Be3 Bd7 15.
Nd2 Qc7 16. Nf3 Re7 17. Qc2 Rae8 18. Qb3 b6 19. Nd4 Bf4 20. Nc2 Bxe3 21. Rxe3
Rxe3 22. Nxe3 Be6 23. Qc2 Rd8 24. Rd1 g6 25. Qe2 Kg7 26. Bb1 Rd7 27. Nc2 Qc4 28.
Qxc4 dxc4 29. Rxd7 Bxd7 30. Nd4 Nd5 31. Kf1 Kf6 32. Be4 Be6 33. Nxe6 Kxe6 34. g3
Nf6 35. Bf3 Ke5 36. Ke2 Ne4 37. Bxe4 Kxe4 38. f3+ Ke5 39. Ke3 f5 40. f4+ Kd5 41.
Kf3 a5 42. a4 Kc5 43. g4 b5 44. h4 fxg4+ 45. Kxg4 bxa4 46. h5 gxh5+ 47. Kxh5 Kd5
48. Kxh6 Ke6 49. Kg6 Ke7 50. f5 Kf8 51. f6 a3 52. bxa3 Kg8 53. f7+ 1-0

[Event "AUTO-OPEN-4581"]
[Site "http://www.queenalice.com/game.php?id=1853776"]
[Date "2025.3.12"]
[Round "1"]
[White "Rafale2000"]
[Black "Nino75"]
[Result "0-1"]
[WhiteElo "2005"]
[BlackElo "2037"]

1. e4 e5 2. Nf3 Nf6 3. Nxe5 d6 4. Nf3 Nxe4 5. d4 Qe7 6. Qe2 Bg4 7. Nbd2 d5 8. h3
Bxf3 9. Nxf3 Nc6 10. c3 O-O-O 11. Be3 g6 12. O-O-O Bg7 13. c4 Nb4 14. Kb1 dxc4
15. Qxc4 Nd5 16. Bd3 Nxe3 17. fxe3 Nf2 18. Qa4 Nxh1 19. Rxh1 Qxe3 20. Rd1 Bxd4
21. Nxd4 Rxd4 22. Qxa7 Rxd3 0-1

[Event "AUTO-OPEN-4544"]
[Site "http://www.queenalice.com/game.php?id=1854203"]
[Date "2025.3.20"]
[Round "2"]
[White "Rafale2000"]
[Black "Capixaba789"]
[Result "0-1"]
[WhiteElo "1993"]
[BlackElo "1887"]

1. e4 e5 2. Nf3 d6 3. d4 exd4 4. Nxd4 Nf6 5. Nc3 Be7 6. Bf4 O-O 7. Qd3 Bd7 8.
O-O-O Nc6 9. Nd5 Ne5 10. Nb5 Nxd5 11. Bxe5 Nb4 12. Qd2 Nxa2+ 13. Kb1 Bxb5 14.
Bxb5 dxe5 15. Qxd8 Nc3+ 16. bxc3 Rfxd8 17. Rd3 c6 18. Bc4 Kf8 19. Rhd1 f6 20.
Rd7 Rxd7 21. Rxd7 b6 22. Kb2 a5 23. Rc7 b5 24. Be6 c5 25. Rb7 b4 26. cxb4 axb4
27. c3 bxc3+ 28. Kxc3 g5 29. Kc4 h5 30. Kb5 Rd8 31. Kc6 Rd6+ 32. Kxc5 Rxe6+ 33.
Kd5 Rd6+ 34. Kc5 Rd2+ 0-1

[Event "AUTO-OPEN-4544"]
[Site "http://www.queenalice.com/game.php?id=1854204"]
[Date "2025.3.20"]
[Round "2"]
[White "Capixaba789"]
[Black "Rafale2000"]
[Result "0-1"]
[WhiteElo "1916"]
[BlackElo "1959"]

1. e4 Nf6 2. Bc4 Nxe4 3. Nf3 d5 4. Bb3 Bg4 5. d3 Nc5 6. O-O Nc6 7. Re1 e6 8. a4
Nxb3 9. cxb3 Bd6 10. Nc3 Ne5 11. Qe2 h5 12. Nb5 Nxf3+ 13. gxf3 Qh4 14. Nxd6+
cxd6 15. fxg4 hxg4 16. Bf4 e5 17. d4 f6 18. dxe5 fxe5 19. Bxe5 dxe5 20. Qxe5+
Kf8 21. Rad1 g3 22. Qxg3 Qxg3+ 23. fxg3 Rd8 24. Re5 d4 25. Rd3 Rh6 26. Re4 Rhd6
27. b4 g5 28. b5 Kf7 29. b4 Kf6 30. g4 R8d7 31. Kf2 a6 32. bxa6 bxa6 33. Ke2 Re7
34. Rxe7 Kxe7 35. h3 Ke6 36. Kf3 Ke5 37. a5 Rf6+ 38. Kg3 Ke4 0-1

[Event "AUTO-OPEN-4583"]
[Site "http://www.queenalice.com/game.php?id=1854275"]
[Date "2025.3.21"]
[Round "1"]
[White "SGF"]
[Black "Rafale2000"]
[Result "1-0"]
[WhiteElo "1677"]
[BlackElo "2020"]

1. e4 Nf6 2. Qf3 d5 3. d3 Bg4 4. Qg3 dxe4 5. h3 exd3 6. Bxd3 Bh5 7. Bf4 e6 8.
Bxc7 Qd4 9. Nc3 Nc6 10. Nge2 Bxe2 11. Bxe2 Nd5 12. Rd1 Qf4 13. Bxf4 1-0

[Event "AUTO-OPEN-4583"]
[Site "http://www.queenalice.com/game.php?id=1854276"]
[Date "2025.3.21"]
[Round "1"]
[White "Rafale2000"]
[Black "SGF"]
[Result "1-0"]
[WhiteElo "1979"]
[BlackElo "1725"]

1. e4 e5 2. Nf3 Qf6 3. d4 d6 4. dxe5 dxe5 5. Nc3 c6 6. Bg5 Qd6 7. Qxd6 Bxd6 8.
O-O-O Be7 9. Bxe7 Kxe7 10. Nxe5 Nf6 11. Bc4 Be6 12. Bxe6 Kxe6 13. f4 Nh5 14. g3
f6 15. Nc4 b5 16. f5+ Ke7 17. Na5 a6 18. Rd3 Rd8 19. Rhd1 Rxd3 20. cxd3 Nd7 21.
Nxc6+ Kd6 22. Nd4 Rc8 23. Kb1 Ne5 24. a3 g5 25. fxg6 hxg6 26. Nde2 Nf3 27. h3
Ne5 28. Kc2 a5 29. Kd2 b4 30. axb4 axb4 31. Nb5+ Kc5 32. Rc1+ Kxb5 33. Rxc8 Nf3+
34. Ke3 Ne5 35. Rc7 f5 36. Nd4+ Kb6 37. Re7 Nc6 38. Re6 Nxg3 39. Rxc6+ Kb7 40.
Rxg6 Nf1+ 41. Ke2 Nh2 42. Rg2 fxe4 43. dxe4 Kb6 44. Rxh2 Kc5 45. Kd3 b3 46. Rf2
Kb4 47. Rf5 Ka4 48. e5 Kb4 49. h4 Kc5 50. e6+ Kd6 51. Rf7 Ke5 52. e7 Kd6 53.
e8=Q Kc5 54. Qc6+ Kb4 55. Qb5# 1-0

[Event "AUTO-OPEN-4583"]
[Site "http://www.queenalice.com/game.php?id=1854303"]
[Date "2025.3.21"]
[Round "1"]
[White "wdcarver"]
[Black "Rafale2000"]
[Result "1-0"]
[WhiteElo "2021"]
[BlackElo "1990"]

1. d4 Nf6 2. c4 c5 3. d5 b5 4. b3 bxc4 5. bxc4 g6 6. Bb2 Bg7 7. e4 d6 8. h3 O-O
9. Nd2 Re8 10. Ne2 Nbd7 11. Ng3 Nxe4 12. Bxg7 Nxg3 13. fxg3 Kxg7 14. Bd3 e6 15.
O-O Ne5 16. Qc2 exd5 17. cxd5 Nxd3 18. Qxd3 Bf5 19. Qc3+ Kg8 20. g4 Bd7 21. a4
Rb8 22. Qf6 Qxf6 23. Rxf6 Rb6 24. Nc4 Ra6 25. a5 Kg7 26. g5 Bf5 27. Nxd6 Rxd6
28. Rxd6 Rc8 29. Rc6 Rxc6 30. dxc6 Be4 31. c7 Bb7 32. Rb1 1-0

[Event "AUTO-OPEN-4550"]
[Site "http://www.queenalice.com/game.php?id=1854389"]
[Date "2025.3.23"]
[Round "2"]
[White "checkers4me"]
[Black "Rafale2000"]
[Result "1-0"]
[WhiteElo "2369"]
[BlackElo "1983"]

1. d4 Nf6 2. c4 c5 3. d5 d6 4. Nc3 g6 5. e4 Bg7 6. Nf3 O-O 7. Be2 Bg4 8. h3 Bd7
9. O-O Na6 10. a3 Rb8 11. e5 dxe5 12. Nxe5 Be8 13. Bf4 Nc7 14. Re1 Nd7 15. Nd3
a6 16. Bf3 b5 17. cxb5 axb5 18. d6 Ne6 19. Nxc5 Ndxc5 20. dxe7 Qxe7 21. Bxb8 Nb7
22. Bg3 Nbc5 23. Bd6 Qa7 24. Bd5 Bd7 25. Bxf8 Bxf8 26. Bxe6 Nxe6 27. Qf3 Nd4 28.
Qe4 Bf5 29. Qe3 Qc5 30. Rad1 Nb3 31. Qg3 b4 32. axb4 Qxb4 33. Re8 Kg7 34. Rdd8
Nc5 35. Rxf8 Ne4 36. Rg8+ 1-0

[Event "AUTO-OPEN-4550"]
[Site "http://www.queenalice.com/game.php?id=1854390"]
[Date "2025.3.23"]
[Round "2"]
[White "Rafale2000"]
[Black "checkers4me"]
[Result "0-1"]
[WhiteElo "2001"]
[BlackElo "2366"]

1. e4 e5 2. Nf3 Nc6 3. d4 exd4 4. Bc4 Nf6 5. O-O Nxe4 6. Nc3 dxc3 7. Bxf7+ Kxf7
8. Qd5+ Kf6 9. Re1 Ne7 10. Qd4+ Kf7 11. Ne5+ Kg8 12. Rxe4 d6 13. Rf4 Be6 14. Ng4
h5 15. Ne3 g5 16. Re4 Bg7 17. Qb4 Rh6 18. bxc3 d5 19. Rxe6 Rxe6 20. Ba3 c5 21.
Qxb7 Rb6 22. Qxa8 Qxa8 0-1

[Event "AUTO-MASTER-3227"]
[Site "http://www.queenalice.com/game.php?id=1854422"]
[Date "2025.3.24"]
[Round "2"]
[White "CCapivara"]
[Black "Rafale2000"]
[Result "1-0"]
[WhiteElo "2238"]
[BlackElo "2003"]

1. e4 Nf6 2. e5 Nd5 3. c4 Nb6 4. c5 Nd5 5. Nc3 Nxc3 6. dxc3 d6 7. Qb3 dxe5 8.
Bg5 c6 9. Bc4 Qc7 10. Bxf7+ Kd8 11. O-O-O+ Bd7 12. Nf3 Kc8 13. Be6 b6 14. Rhe1
bxc5 15. Nxe5 Bxe6 16. Qxe6+ Kb7 17. Nd7 h6 18. Bh4 g5 19. Bg3 Qa5 20. Nxb8 Rxb8
21. Rd7+ Kb6 22. Bxb8 c4 23. Bc7+ 1-0

[Event "AUTO-MASTER-3227"]
[Site "http://www.queenalice.com/game.php?id=1854423"]
[Date "2025.3.24"]
[Round "2"]
[White "Rafale2000"]
[Black "CCapivara"]
[Result "0-1"]
[WhiteElo "1999"]
[BlackElo "2243"]

1. e4 d6 2. d4 Nf6 3. Bd3 e5 4. dxe5 dxe5 5. f4 exf4 6. Bxf4 Be7 7. Nc3 O-O 8.
Nf3 c6 9. O-O Qb6+ 10. Kh1 Qxb2 11. Be5 Qb6 12. Bd4 Qc7 13. Ng5 h6 14. e5 Ng4
15. Nge4 Nxe5 16. Qe2 Nxd3 17. cxd3 Be6 18. Nc5 Bxc5 19. Bxc5 Re8 20. Rae1 Nd7
21. Ba3 Qa5 22. Qb2 b5 23. Qb4 Qb6 24. Ne4 a5 25. Qd6 b4 26. Bc1 Rad8 27. Be3
Qb7 28. Rf3 Bxa2 29. Nc5 Nxc5 30. Qxc5 b3 31. Qc3 Qb4 32. Bd2 Rxe1+ 33. Bxe1 b2
34. Rxf7 Bxf7 0-1

[Event "AUTO-MASTER-3258"]
[Site "http://www.queenalice.com/game.php?id=1854542"]
[Date "2025.3.26"]
[Round "1"]
[White "matamuff"]
[Black "Rafale2000"]
[Result "0-1"]
[WhiteElo "1914"]
[BlackElo "1998"]

1. Na3 Nf6 2. b3 e6 3. c4 d5 4. e3 Bb4 5. cxd5 Nxd5 6. Qc2 Qf6 7. Bb2 Qh6 8. Nf3
O-O 9. Nc4 b5 10. a3 Be7 11. Nce5 a6 12. g3 c5 13. Bg2 Nd7 14. O-O Bf6 15. Ng4
Qg6 16. Qxg6 fxg6 17. d4 Bb7 18. e4 N5b6 19. Rab1 cxd4 20. Nxd4 e5 21. Nc2 Rac8
22. Nce3 Rfe8 23. Rbc1 Bd8 24. Rfd1 Rxc1 25. Rxc1 a5 26. h3 Bg5 27. Rc7 Ba8 28.
Nd5 Bxd5 29. b4 Be6 30. h4 Bd8 31. Rc2 Bxg4 32. f3 Be6 33. Bf1 Bc4 34. Bxc4+
Nxc4 35. Bc1 axb4 36. axb4 Bb6+ 37. Kh2 Ra8 38. Kh3 Ra4 39. Kg4 Be3 0-1

[Event "AUTO-MASTER-3258"]
[Site "http://www.queenalice.com/game.php?id=1854543"]
[Date "2025.3.26"]
[Round "1"]
[White "Rafale2000"]
[Black "matamuff"]
[Result "1-0"]
[WhiteElo "1968"]
[BlackElo "1940"]

1. e4 Nf6 2. e5 Nd5 3. c4 Nb6 4. c5 Nd5 5. Bc4 c6 6. Nc3 Nxc3 7. dxc3 e6 8. Be3
g6 9. Ne2 Bg7 10. f4 Na6 11. Ng3 Nc7 12. Ne4 O-O 13. O-O Ne8 14. Nd6 Qe7 15. Qb3
Nxd6 16. cxd6 Qd8 17. Be2 b6 18. a4 Bb7 19. a5 b5 20. a6 Bc8 21. Bd4 f5 22. Qc2
Qe8 23. c4 bxc4 24. Qxc4 Qd8 25. b4 Qh4 26. b5 cxb5 27. Qxb5 Qd8 28. Bf3 1-0

[Event "AUTO-MASTER-3258"]
[Site "http://www.queenalice.com/game.php?id=1854550"]
[Date "2025.3.26"]
[Round "1"]
[White "hjs50667"]
[Black "Rafale2000"]
[Result "1-0"]
[WhiteElo "2260"]
[BlackElo "1996"]

1. e4 Nf6 2. e5 Nd5 3. d4 d6 4. Nf3 Bg4 5. Be2 c6 6. O-O dxe5 7. dxe5 e6 8. c4
Nc7 9. Qxd8+ Kxd8 10. Nc3 Be7 11. Rd1+ Kc8 12. Ne4 Nd7 13. Nd6+ Bxd6 14. exd6
Na6 15. h3 Bh5 16. g4 Bg6 17. Bd2 h5 18. g5 Nac5 19. Bc3 f6 20. Nh4 Bf5 21. gxf6
gxf6 22. Nxf5 exf5 23. b4 Ne4 24. Rac1 b6 25. f3 Nxc3 26. Rxc3 Kb7 27. f4 Rae8
28. Bf3 h4 29. b5 Nb8 30. d7 Rd8 31. bxc6+ Kc7 32. c5 b5 33. Rd6 Rh6 34. Rb3
Rg6+ 35. Kf2 a6 36. a4 Rg3 37. axb5 axb5 38. Rxb5 Rxf3+ 39. Kxf3 Nxc6 40. Rb6
Ne7 41. Ra6 Ng8 42. Ra7+ Kb8 43. Rda6 Ne7 44. Ra8+ Kb7 45. R6a7+ 1-0

[Event "AUTO-MASTER-3258"]
[Site "http://www.queenalice.com/game.php?id=1854551"]
[Date "2025.3.26"]
[Round "1"]
[White "Rafale2000"]
[Black "hjs50667"]
[Result "0-1"]
[WhiteElo "1973"]
[BlackElo "2260"]

1. e4 e6 2. d4 d5 3. Nc3 Nf6 4. e5 Nfd7 5. Bd3 c5 6. Bb5 cxd4 7. Bxd7+ Bxd7 8.
Nce2 Nc6 9. Nxd4 Nxe5 10. Ngf3 Nxf3+ 11. Qxf3 Qf6 12. Be3 Qxf3 13. Nxf3 Bd6 14.
O-O Ke7 15. Rfe1 Rhc8 16. Rac1 b5 17. c3 b4 18. cxb4 Bxb4 19. Bd2 Bxd2 20. Nxd2
f6 21. Nb3 Kd6 22. f3 Rxc1 23. Rxc1 Rb8 24. Kf2 e5 25. Rc2 Ba4 26. Rc3 d4 27.
Rd3 Kd5 28. g4 Bxb3 29. axb3 a5 30. Ke1 g6 31. Kd2 f5 32. gxf5 gxf5 33. Kc2 e4
34. fxe4+ fxe4 35. Rh3 d3+ 36. Kc3 Rc8+ 37. Kd2 Kd4 38. Rxh7 e3+ 39. Kd1 e2+ 40.
Ke1 Rc1+ 41. Kf2 e1=Q+ 0-1

[Event "AUTO-OPEN-4541"]
[Site "http://www.queenalice.com/game.php?id=1854714"]
[Date "2025.3.29"]
[Round "2"]
[White "CCapivara"]
[Black "Rafale2000"]
[Result "0-1"]
[WhiteElo "2209"]
[BlackElo "1973"]

1. e4 Nf6 2. e5 Nd5 3. c4 Nb6 4. c5 Nd5 5. Nc3 Nxc3 6. dxc3 Nc6 7. f4 d6 8. cxd6
exd6 9. Bb5 Bd7 10. Nf3 Nxe5 11. fxe5 Bxb5 12. Bg5 Be7 13. Bxe7 Qxe7 14. Qd4 Bc6
15. O-O-O Bxf3 16. gxf3 dxe5 17. Qe4 c6 18. Rhe1 f6 19. f4 O-O 20. fxe5 Rae8 21.
e6 f5 22. Qe5 Rf6 23. Rd7 Qxe6 24. Qxe6+ Rfxe6 25. Rxe6 Rxe6 26. Rxb7 f4 27. Rb4
f3 28. Rf4 Re1+ 29. Kd2 Re2+ 30. Kd3 Rxb2 31. Rxf3 Rxh2 32. a4 h5 33. Kc4 g5 34.
Rf5 g4 35. Kc5 Kg7 36. Kxc6 Kg6 37. Rf1 g3 38. c4 g2 39. Rg1 h4 40. c5 h3 41.
Kb7 Rh1 0-1

[Event "AUTO-OPEN-4541"]
[Site "http://www.queenalice.com/game.php?id=1854715"]
[Date "2025.3.29"]
[Round "2"]
[White "Rafale2000"]
[Black "CCapivara"]
[Result "1/2-1/2"]
[WhiteElo "2011"]
[BlackElo "2198"]

1. e4 d6 2. d4 Nf6 3. Nc3 c6 4. Be2 Qa5 5. Bd2 Qb6 6. Bc1 e5 7. dxe5 dxe5 8. Na4
Qa5+ 9. Nc3 Nxe4 10. Bd2 Nxd2 11. Qxd2 Bb4 12. Nf3 Bxc3 13. Qxc3 Qxc3+ 14. bxc3
f6 15. Bc4 Ke7 16. O-O-O Be6 17. Bb3 Nd7 18. Rd2 Nc5 19. Bxe6 Nxe6 20. Rhd1 Rhd8
21. g3 Rxd2 22. Rxd2 Rd8 23. Re2 Nc5 24. c4 Na4 25. Re3 Ke6 26. Rd3 Rd6 27. Ra3
b5 28. cxb5 cxb5 29. c4 a6 30. cxb5 axb5 31. Rb3 Rd5 32. Kc2 e4 33. Rxb5 exf3
34. Rb4 Nc5 35. a4 f5 36. a5 Ne4 37. Ra4 Nxf2 38. a6 Rd8 39. a7 Ra8 40. Kd2 Ne4+
41. Ke3 f2 42. Ra6+ Ke5 43. Ke2 h5 44. Kf1 g5 45. Kg2 h4 46. gxh4 gxh4 47. Ra1
Rg8+ 48. Kh1 h3 49. a8=Q Rxa8 50. Ra5+ Kf4 51. Rxf5+ Kg4 52. Rf4+ 1/2-1/2

[Event "AUTO-OPEN-4541"]
[Site "http://www.queenalice.com/game.php?id=1854720"]
[Date "2025.3.29"]
[Round "2"]
[White "Rafale2000"]
[Black "princesher"]
[Result "1-0"]
[WhiteElo "1981"]
[BlackElo "1967"]

1. e4 e5 2. Nf3 d6 3. d4 Bg4 4. dxe5 Bxf3 5. Qxf3 dxe5 6. Bc4 Qe7 7. Nc3 c6 8.
Bg5 Nf6 9. O-O-O h6 10. Bxf6 gxf6 11. Rd2 Nd7 12. Rhd1 Rd8 13. Qf5 b5 14. Bb3 a5
15. a3 h5 16. Rd3 Bh6+ 17. Kb1 h4 18. Rd6 Bg5 19. g3 a4 20. Ba2 Rh6 21. Rxc6 Nf8
22. Rxd8+ Qxd8 23. Rc8 Ne6 24. Rxd8+ Nxd8 25. Nxb5 Ne6 26. Bxe6 fxe6 27. Qxe6+
Kf8 28. Nd6 Rh7 29. Qe8+ Kg7 30. Nf5# 1-0

[Event "AUTO-OPEN-4541"]
[Site "http://www.queenalice.com/game.php?id=1854721"]
[Date "2025.3.29"]
[Round "2"]
[White "princesher"]
[Black "Rafale2000"]
[Result "1-0"]
[WhiteElo "1952"]
[BlackElo "1991"]

1. e4 Nf6 2. d3 e5 3. a3 d5 4. Bg5 dxe4 5. Bxf6 Qxf6 6. dxe4 Bc5 7. Qe2 Nc6 8.
c3 Bg4 9. Nf3 O-O-O 10. b4 Bb6 11. h3 Be6 12. a4 a6 13. b5 axb5 14. axb5 Na5 15.
Nbd2 Rd7 16. g3 Rhd8 17. Bg2 Rd3 18. Rc1 Bc4 19. Nxc4 Qh6 20. Nxb6+ cxb6 21. O-O
Nc4 22. Qa2 Nd2 23. Nxd2 Rxd2 24. Qxf7 R8d7 25. Qe8+ Rd8 26. Qxe5 Ra2 27. Qf5+
Kb8 28. Ra1 Ra5 29. Rxa5 bxa5 30. Qe5+ Kc8 31. Qc5+ Kd7 32. Rd1+ Ke8 33. Qe5+
1-0